|
|
|
|
| LEADER |
03453nam a2200541 4500 |
| 001 |
978-3-319-69796-3 |
| 003 |
DE-He213 |
| 005 |
20191023232419.0 |
| 007 |
cr nn 008mamaa |
| 008 |
171212s2018 gw | s |||| 0|eng d |
| 020 |
|
|
|a 9783319697963
|9 978-3-319-69796-3
|
| 024 |
7 |
|
|a 10.1007/978-3-319-69796-3
|2 doi
|
| 040 |
|
|
|d GrThAP
|
| 050 |
|
4 |
|a D51-95
|
| 072 |
|
7 |
|a HBJD
|2 bicssc
|
| 072 |
|
7 |
|a HIS010000
|2 bisacsh
|
| 072 |
|
7 |
|a NHD
|2 thema
|
| 072 |
|
7 |
|a NHC
|2 thema
|
| 082 |
0 |
4 |
|a 936
|2 23
|
| 100 |
1 |
|
|a Wakeley, James Moreton.
|e author.
|4 aut
|4 http://id.loc.gov/vocabulary/relators/aut
|
| 245 |
1 |
4 |
|a The Two Falls of Rome in Late Antiquity
|h [electronic resource] :
|b The Arabian Conquests in Comparative Perspective /
|c by James Moreton Wakeley.
|
| 250 |
|
|
|a 1st ed. 2018.
|
| 264 |
|
1 |
|a Cham :
|b Springer International Publishing :
|b Imprint: Palgrave Pivot,
|c 2018.
|
| 300 |
|
|
|a VII, 109 p.
|b online resource.
|
| 336 |
|
|
|a text
|b txt
|2 rdacontent
|
| 337 |
|
|
|a computer
|b c
|2 rdamedia
|
| 338 |
|
|
|a online resource
|b cr
|2 rdacarrier
|
| 347 |
|
|
|a text file
|b PDF
|2 rda
|
| 505 |
0 |
|
|a Chapter 1 - A Sibling Rivalry -- Chapter Two - The Two Falls of Rome in Late Antiquity -- Chapter Three - The problem of the Islamic Sources -- Chapter Four - History for Purposes other than History -- Chapter Five - Making 'Muslims' on the March -- Chapter Six - From Clients to Conquerors -- Chapter Seven - Conclusion. .
|
| 520 |
|
|
|a This book offers a radical perspective on what are conventionally called the Islamic Conquests of the seventh century. Placing these earthshattering events firmly in the context of Late Antiquity, it argues that many of the men remembered as the fanatical agents of Muḥammad probably did not know who the prophet was and had, in fact, previously fought for Rome or Persia. The book applies to the study of the collapse of the Roman Near East techniques taken from the historiography of the fall of the Roman West. Through a comparative analysis of medieval Arabic and European sources combined with insights from frontier studies, it argues that the two falls of Rome involved processes far more similar than traditionally thought. It presents a fresh approach to the century that witnessed the end of the ancient world, appealing to students of Roman and medieval history, Islamic Studies, and advanced scholars alike. .
|
| 650 |
|
0 |
|a Europe-History-To 476.
|
| 650 |
|
0 |
|a Middle East-History.
|
| 650 |
|
0 |
|a Philology.
|
| 650 |
|
0 |
|a Military history.
|
| 650 |
|
0 |
|a Historiography.
|
| 650 |
1 |
4 |
|a History of Ancient Europe.
|0 http://scigraph.springernature.com/things/product-market-codes/717010
|
| 650 |
2 |
4 |
|a History of the Middle East.
|0 http://scigraph.springernature.com/things/product-market-codes/715060
|
| 650 |
2 |
4 |
|a Classical Studies.
|0 http://scigraph.springernature.com/things/product-market-codes/728000
|
| 650 |
2 |
4 |
|a History of Military.
|0 http://scigraph.springernature.com/things/product-market-codes/721000
|
| 650 |
2 |
4 |
|a Historiography and Method.
|0 http://scigraph.springernature.com/things/product-market-codes/711000
|
| 710 |
2 |
|
|a SpringerLink (Online service)
|
| 773 |
0 |
|
|t Springer eBooks
|
| 776 |
0 |
8 |
|i Printed edition:
|z 9783319697956
|
| 776 |
0 |
8 |
|i Printed edition:
|z 9783319697970
|
| 776 |
0 |
8 |
|i Printed edition:
|z 9783319888439
|
| 856 |
4 |
0 |
|u https://doi.org/10.1007/978-3-319-69796-3
|z Full Text via HEAL-Link
|
| 912 |
|
|
|a ZDB-2-HTY
|
| 950 |
|
|
|a History (Springer-41172)
|